000 00707nam a2200181 a 4500
001 000010268
005 20240412074216.0
008 091006s1973 dr 000 p spa d
040 _aDO-SdBNP
_bspa
_cBNPHU
082 _aRD861.44
_bH542p
100 1 _aHeredia Matos, Domingo
_925284
245 1 0 _aPregón olímpico 73-74 :
_bdedicado a los XII juegos deportivos centroamericanos y del caribe, a celebrarse del 27 de febrero al 13 de marzo, en Santo Domingo, República Dominicana, el próximo año 1974 /
_cDomingo Heredia Matos.
260 _aSanto Domingo :
_bEl Hombre,
_c1973.
300 _a62 p. ;
_c21 cm.
650 0 _aPoesía dominicana
_966
650 0 _aLiteratura dominicana.
_967
049 _aBNPD
999 _c10027
_d10027